Recent advances in medicinal, aromatic and spice crops. V 2. International conference held on 28-31, January 1989, New Delhi, India (Record no. 40521)

MARC details
000 -LEADER
fixed length control field 00491nam a2200133Ia 4500
082 ## - DEWEY DECIMAL CLASSIFICATION NUMBER
Classification number 633.88
Item number BAY.2
100 ## - MAIN ENTRY--AUTHOR NAME
Personal name Raychaudhuri, S P
245 #0 - TITLE STATEMENT
Title Recent advances in medicinal, aromatic and spice crops. V 2. International conference held on 28-31, January 1989, New Delhi, India
260 ## - PUBLICATION, DISTRIBUTION, ETC. (IMPRINT)
Place of publication New Delhi
Name of publisher Today and tomorrow's printers
Year of publication 1992
650 ## - SUBJECT ADDED ENTRY--TOPICAL TERM
Topical Term Medicinal plants germplasm
650 ## - SUBJECT ADDED ENTRY--TOPICAL TERM
Topical Term Oligosaccharides biosynthesis
942 ## - ADDED ENTRY ELEMENTS (KOHA)
Koha item type Books
Holdings
Withdrawn status Lost status Damaged status Not for loan Home library Current library Date acquired Cost, normal purchase price Full call number Accession Number Koha item type
        RRII Library RRII Library 16/12/2021 495.00 633.88 BAY.2 20820 Books